00680nam a22002057a 450000500170000001000450001702000260006203500140008803500140010203500140011603700090013008200130013910000240015224500790017625000060025526000490026127001190031030000200042970000250044920250304151324.0 aDEC24SC ENG-142960 ENG-143631 ENG-143958 a9789359309774c795.00 aEN-126492 aEN-127490 aEN-127163 bDBAD a380.121 aChaturvedi ,Mukesh  aMarketing: bA New Age Perspective/cBy Mukesh Chaturvedi [and] A.V Shukla a1 aNew DelhibS Chand and Company Limitedc2024 a A-27, 2nd Floor, Mohan Co-operative Industrial EstatebNew Delhie110044minfo@schandpublishing.comk011-49731800 a516p.c26cm(pb) aShukla, A.V eAuthor